| 000 | 00771nam a2200217Ia 4500 | ||
|---|---|---|---|
| 003 | GCL | ||
| 005 | 20240530102205.0 | ||
| 008 | 140319s9999 xx 000 0 ara d | ||
| 020 | _a9771471112 | ||
| 040 |
_aGCL / _cGCL |
||
| 082 | 0 | 4 |
_a962.074 _bق/ج م |
| 100 | 1 | _aجمال حماد | |
| 245 | 1 | 0 |
_aالمعارك الحربية على الجبهة المصرية : _bحرب اكتوبر 1973 العاشر من رمضان / _cجمال حماد |
| 250 | _aط2 | ||
| 260 |
_aالقاهرة : _bالزهراء للاعلام العربى ، _c1993 |
||
| 300 |
_a989 ص : _bصور ؛ _c24 سم |
||
| 650 | 0 | 4 | _aحرب اكتوبر 1973 |
| 650 | 0 | 4 |
_aمصر _xالاحوال السياسية |
| 650 | 0 | 4 |
_aمصر _xتاريخ _xالعصر الحديث |
| 942 |
_2ddc _cBK |
||
| 999 |
_c30445 _d30445 |
||